02836nam a2200397 a 450000100100000000500170001000800410002702000150006802000180008304000250010108200190012624501620014526000410030730000210034850001050036950506630047459000260113765000900116365000860125365000900133970000260142970000230145570000340147870000290151270000250154170000280156670000380159471001100163291000380174295201340178095201340191495201340204895201180218295201250230099900130242500000077620241030114426.0090509s2002 dr 000 0 spa d a9993483257 a9789993483250 aDO-SdBNPbspacBNPHU a323.042bP273r00aParticipación y representación :bla ciudadanía a la búsqueda de la política /cLeopoldo Artiles Gil ... [et al.] ; edición Desirée Marmolejos. aSanto Domingo :bPUCMM/CUEPS,c2002. a278 p. ;c23 cm. aIncluye referencias bibliográficas al final de los artículos y las notas al pie de las páginas0 tPresentación --tRepresentación y participación: Dilemas, tensiones e interrrelaciones /rJosé Oviedo--tGestión estatal y participación /rFlavio Darío Espinal --tLa participación social en el ámbito educativo: ciudadanía y calidad de la educación /rMarcos Villamán --tLa participación en los proyectos de descentralización: el caso de República Dominicana /rLeopoldo Artiles Gil --tLa participación social en el ámbito municipal dominicano /rPedro Hernández --tOtros mecanismos de participación: control del ejercicio gubernamental por la ciudadanía /tIsis Duarte y Vianela Díaz --tNota sobre los autores. aInventariado, 2018/BT 4aParticipación comunitariazRepública DominicanaxEnsayos, conferencias, etc92665 4aParticipación socialzRepública DominicanaxEnsayos, conferencias, etc.92666 4aParticipación políticazRepública DominicanaxEnsayos, conferencias, etc.9266712aDíaz, Vianela9266812aDuarte, Isis9212312aEspinal, Flavio Darío9266912aHernández, Pedro9267012aOviedo, José9267112aVillamán, Marcos976012aMarmolejos, Desirée,eed.9267222a Universidad Católica Madre y Maestra.bCentro Universitario de Estudios Políticos y Sociales 935753 aValidado. Control de calidad. MFF 001054758DSaBNPHUbBNPHUcHDd2009-08-25iLF1l0o323.042 P273rp776-30r2020-06-25te.3w2020-06-25yLF1ZPréstamo en sala 001054758DSaBNPHUbBNPHUcHDd2013-06-28iLF1l0o323.042 P273rp776-40r2020-06-25te.4w2020-06-25yLF1ZPréstamo en sala 001054758DSaBNPHUbBNPHUcHDd2015-01-29iLF1l0o323.042 P273rp776-50r2020-06-25te.5w2020-06-25yLF1ZPréstamo en sala 0010718PDaBNPHUbBNPHUcHDd2009-08-25iLF1l0o323.042 P273rp776-10r2020-06-25w2020-06-25y1ZNo se presta 0010728PDaBNPHUbBNPHUcHDd2009-08-25iLF1l0o323.042 P273rp776-20r2020-06-25te.2w2020-06-25yLF1ZNo se presta c772d772